| 000 | 00959nam a2200229 u 4500 | ||
|---|---|---|---|
| 001 | 000406579 | ||
| 003 | AM-YeHGA | ||
| 005 | 20250617132621.0 | ||
| 008 | 050127s1933 ||| r 000 0 rus d | ||
| 040 | _aAM-YeHGA | ||
| 041 | 0 | _arus | |
| 100 | 1 | _aПопов, Федор Гаврилович. | |
| 245 | 1 | 0 |
_aЧехословацкий мятеж и Самарская учредилка / _cФ. Попов ; Истпарт Средневолж. крайкома ВКП (б). |
| 250 | _a2-е изд., испр. и доп. | ||
| 260 |
_aМосква; _aСамара : _bСредневолж. краев. изд-во, _c1933. |
||
| 300 | _a224 с. | ||
| 650 | 1 | 4 | _aВнутренняя политика Советской власти |
| 650 | 1 | 4 |
_aИстория _zПоволжье _y1918 г. |
| 653 | 0 | _aЧехословацкий мятеж | |
| 710 | 2 | _aИстпарт Средневолжского крайкома ВКП (б) | |
| 090 | _c155873 | ||
| 999 |
_c154475 _d154475 |
||